| 000 | 01204nac a22002531u 4500 | ||
|---|---|---|---|
| 010 | _a 88023090 | ||
| 020 | _a0070102740 | ||
| 082 | 0 | 0 |
_a621.3815/3 _bC3632 |
| 090 |
_c76 _d76 |
||
| 100 | _aCathey, Jimmie J. | ||
| 245 | 1 | 0 |
_aSchaum's outline of theory and problems of electronic devices and circuits / _cJimmie J. Cathey. |
| 260 |
_aNew York : _bMcGraw-Hill, _cc1989. |
||
| 300 |
_a302 p. : _bill. ; _c28 cm. |
||
| 490 | 0 | _aSchaum's outline series | |
| 500 | _aIncludes index. | ||
| 650 | 0 | _aElectronic circuits. | |
| 650 | 0 | _aElectronic control. | |
| 740 | 0 | _aTheory and problems of electronic devices and circuits. | |
| 740 | 0 | _aElectronic devices and circuits. | |
| 942 |
_cBB _k621.38153C3632 |
||
| 999 |
_c76 _d76 |
||